000 00222nam a2200097Ia 4500
008 190216s9999||||xx |||||||||||||| ||und||
100 _aJoseph K O
245 0 _aPushpavum Falavum
260 _bKerala Basha Inst
942 _cBK
999 _c37649
_d37649